[Event "Titled Tuesday intern op 07th May Early"]
[Site "Chess.com INT"]
[Date "2024.05.07"]
[Round "8"]
[White "Savitha Shri, B."]
[Black "Kriti, Mayur Patel"]
[Result "1-0"]
[WhiteElo "2365"]
[BlackElo "1782"]
[PlyCount "133"]
[EventDate "2024.05.07"]
[EventType "swiss (blitz)"]
[EventRounds "11"]
[EventCountry "USA"]
[SourceTitle "EXT 2025"]
[Source "ChessBase"]
[SourceDate "2024.10.14"]
[SourceVersion "1"]
[SourceVersionDate "2024.10.14"]
[SourceQuality "1"]

1. Nf3 d5 2. g3 Nf6 3. Bg2 e6 4. 0-0 Be7 5. d3 0-0 6. Nbd2 c5 7. b3 Nc6 8. Bb2 b6 9. e4 Bb7 10. e5 Nd7 11. Qe2 d4 12. Rfe1 Qc7 13. h4 Rae8 14. Nf1 Bd8 15. Bc1 f6 16. Bf4 fxe5 17. Nxe5 Ncxe5 18. Bxe5 Nxe5 19. Qxe5 Bxg2 20. Qxc7 Bxc7 21. Kxg2 e5 22. Nd2 Rf5 23. a4 g6 24. Re2 Kf7 25. Ne4 Ke7 26. a5 Kd7 27. g4 Rff8 28. g5 Kc6 29. axb6 axb6 30. Nf6 Re7 31. Ra7 Ref7 32. f3 b5 33. Ra6+ Kb7 34. Re6 Bd8 35. R2xe5 Bxf6 36. gxf6 Rxf6 37. Rxf6 Rxf6 38. Rxc5 Kb6 39. Rc8 Re6 40. Kf2 Re3 41. Rd8 Re7 42. Rxd4 Kc5 43. Re4 Ra7 44. b4+ Kd5 45. c4+ bxc4 46. dxc4+ Kc6 47. c5 Ra2+ 48. Kg3 Ra3 49. Kg4 Rb3 50. f4 Rb1 51. Kg5 Rg1+ 52. Kh6 Rh1 53. Kxh7 Rxh4+ 54. Kxg6 Rh1 55. f5 Rg1+ 56. Kf7 Rf1 57. f6 Kd5 58. Rg4 Rf5 59. Kg6 Rf1 60. f7 Ke6 61. Re4+ Kd7 62. Re5 Rf4 63. Rf5 Rg4+ 64. Rg5 Rf4 65. Rf5 Rg4+ 66. Kh5 Rg1 67. f8Q 1-0

[Event "Titled Tuesday intern op 07th May Early"]
[Site "Chess.com INT"]
[Date "2024.05.07"]
[Round "1"]
[White "Vlassov, Nikolai"]
[Black "Kriti, Mayur Patel"]
[Result "1-0"]
[WhiteElo "2299"]
[BlackElo "1782"]
[PlyCount "79"]
[EventDate "2024.05.07"]
[EventType "swiss (blitz)"]
[EventRounds "11"]
[EventCountry "USA"]
[SourceTitle "EXT 2025"]
[Source "ChessBase"]
[SourceDate "2024.10.14"]
[SourceVersion "1"]
[SourceVersionDate "2024.10.14"]
[SourceQuality "1"]

1. e4 e5 2. Bc4 Nf6 3. d3 Nc6 4. Nf3 Bc5 5. Bg5 h6 6. Bh4 0-0 7. Nc3 Be7 8. Qe2 d6 9. h3 Be6 10. g4 Nd7 11. Bxe7 Qxe7 12. Nd5 Bxd5 13. Bxd5 Nd4 14. Nxd4 exd4 15. f4 c6 16. Bb3 Nc5 17. h4 Nxb3 18. axb3 Rfe8 19. g5 d5 20. e5 f6 21. gxf6 gxf6 22. Rg1+ Kh7 23. 0-0-0 fxe5 24. fxe5 Qxe5 25. Qg4 Rg8 26. Qd7+ Rg7 27. Rxg7+ Qxg7 28. Qf5+ Qg6 29. Qf4 a5 30. Qxd4 Qd6 31. Qb6 Qe7 32. h5 Ra6 33. Qf2 Qg5+ 34. Kb1 Qxh5 35. Re1 Qg5 36. Re8 Qg6 37. Qf8 Qg1+ 38. Ka2 Qg5 39. Re7+ Kg6 40. Qf7# 1-0

[Event "Titled Tuesday intern op 16th Apr Early"]
[Site "Chess.com INT"]
[Date "2024.04.16"]
[Round "4"]
[White "Denisenko, Denis"]
[Black "Kriti, Mayur Patel"]
[Result "1/2-1/2"]
[WhiteElo "1989"]
[BlackElo "1787"]
[PlyCount "175"]
[EventDate "2024.04.16"]
[EventType "swiss (blitz)"]
[EventRounds "11"]
[EventCountry "USA"]
[SourceTitle "CBM 219 Extra"]
[Source "ChessBase"]
[SourceDate "2024.05.31"]
[SourceVersion "1"]
[SourceVersionDate "2024.05.31"]
[SourceQuality "1"]

1. d4 d5 2. Bf4 Nf6 3. e3 c5 4. c3 Nc6 5. Nd2 e6 6. Ngf3 Bd6 7. Bg3 0-0 8. Bd3 b6 9. e4 dxe4 10. Nxe4 Nxe4 11. Bxe4 Bb7 12. dxc5 Bxc5 13. Qa4 Na5 14. Rd1 Qe8 15. Bxh7+ Kxh7 16. Qh4+ Kg8 17. Ng5 Be4 18. Qxe4 f5 19. Qh4 Qg6 20. b4 Be7 21. f4 Nc4 22. Rd4 Ne3 23. Kf2 Ng4+ 24. Kf3 Rad8 25. Rhd1 Rxd4 26. Rxd4 e5 27. Rd7 Qc6+ 28. Ke2 Bxg5 29. Rxg7+ Kxg7 30. Qxg5+ Qg6 31. Qe7+ Rf7 32. Qd8 exf4 33. Bxf4 Qe6+ 34. Kf3 Qe4+ 35. Kg3 Qe6 36. h3 Rd7 37. Qg5+ Qg6 38. hxg4 Qxg5 39. Bxg5 Rd3+ 40. Kf4 fxg4 41. Kf5 Kf7 42. c4 Rd4 43. c5 Rxb4 44. cxb6 axb6 45. Bf4 Rb2 46. a3 Ra2 47. Kxg4 Rxa3 48. Kf5 Rb3 49. g4 b5 50. Ke4 Rb1 51. Kd3 Rb4 52. Bd6 Rxg4 53. Kc3 Rg5 54. Kb4 Ke6 55. Bc5 Kd5 56. Kxb5 Rg8 57. Be3 Rb8+ 58. Ka6 Kc6 59. Ka7 Rb3 60. Bf2 Ra3+ 61. Kb8 Rf3 62. Bg1 Rf8+ 63. Ka7 Rf7+ 64. Ka8 Rg7 65. Bd4 Rd7 66. Be3 Kc7 67. Bf4+ Kc6 68. Be3 Rf7 69. Bg1 Kc7 70. Bh2+ Kc8 71. Bg1 Rf1 72. Bd4 Rd1 73. Ba7 Kc7 74. Bf2 Rd8+ 75. Ka7 Rd2 76. Bg3+ Kc6 77. Ka8 Ra2+ 78. Kb8 Ra3 79. Bf4 Rf3 80. Bh2 Rf2 81. Bg3 Rf3 82. Bh2 Rf8+ 83. Ka7 Rh8 84. Bg3 Rh3 85. Bf4 Rh4 86. Bg3 Rb4 87. Ka8 Rb5 88. Bf2 1/2-1/2

[Event "Titled Tuesday intern op 16th Apr Early"]
[Site "Chess.com INT"]
[Date "2024.04.16"]
[Round "2"]
[White "Kriti, Mayur Patel"]
[Black "Brown, Andrew"]
[Result "0-1"]
[WhiteElo "1787"]
[BlackElo "2279"]
[PlyCount "110"]
[EventDate "2024.04.16"]
[EventType "swiss (blitz)"]
[EventRounds "11"]
[EventCountry "USA"]
[SourceTitle "CBM 219 Extra"]
[Source "ChessBase"]
[SourceDate "2024.05.31"]
[SourceVersion "1"]
[SourceVersionDate "2024.05.31"]
[SourceQuality "1"]

1. e4 c5 2. d4 cxd4 3. c3 d5 4. exd5 Qxd5 5. cxd4 Nc6 6. Nf3 e6 7. Nc3 Bb4 8. Bd2 Qa5 9. Bc4 Nf6 10. 0-0 0-0 11. a3 Bxc3 12. Bxc3 Qh5 13. Be2 Qd5 14. Rc1 Rd8 15. b4 b6 16. Bb2 Bb7 17. Bc4 Qh5 18. Be2 Qh6 19. Rc2 Ng4 20. Bc1 Qh5 21. h3 f5 22. hxg4 fxg4 23. Ng5 Rxd4 24. Rd2 Rxd2 25. Bxd2 Ne5 26. Bf4 Rf8 27. Nxe6 Nf3+ 28. Bxf3 gxf3 29. Nxf8 fxg2 30. f3 Qh1+ 31. Kf2 gxf1Q+ 32. Qxf1 Qxf3+ 33. Ke1 Qe4+ 34. Qe2 Qxe2+ 35. Kxe2 Kxf8 36. Ke3 a6 37. Bd6+ Kf7 38. Bc7 b5 39. Be5 g5 40. Kd4 Kg6 41. Kc5 Bc8 42. Kb6 Kf5 43. Kc7 Kxe5 44. Kxc8 g4 45. Kb7 g3 46. Kxa6 g2 47. Kxb5 g1Q 48. Ka6 Kd5 49. b5 Kc5 50. a4 Qg6+ 51. Ka7 Qb6+ 52. Ka8 Kd6 53. a5 Qxb5 54. a6 Kc7 55. a7 Qb7# 0-1